Testy zo slovenského jazyka '98

Bibliographic Details
Format: Book
Language:Slovak
PhysicalDescription:128 s. 21 cm
Published: Bratislava Didaktis c1997
ISBN:8085456400
Series:Testy
Subjects:

MARC

LEADER 00000nam a2200000 a 4500
001 vtls001315558
003 SK-MaSNL
005 20260301200121.0
008 251113s1997 xo r slo
015 |a SNBA1998/04-01437 
020 |a 8085456400 
035 |a SNK000268049 
035 |a urn:nbn:sk:snk-amkh4b 
035 |a urn:nbn:sk:snk-am002vij 
035 |a E4E14D2C-F68F-481C-B379-A6806CAB3956 
040 |a SNK  |b slo  |c SNK  |e AACR2 
041 0 |a slo 
044 |a xo  |c SK 
080 |a 372.880.854(079.1)  |2 1981 
245 0 0 |a Testy zo slovenského jazyka '98 
260 |a Bratislava  |b Didaktis  |c c1997 
300 |a 128 s.  |c 21 cm 
490 1 |a Testy 
500 |a Sprac. kol. 
650 0 7 |a slovenčina  |2 SNK  |9 1350 
655 7 |a príručky  |2 SNK  |9 74364 
830 0 |a Testy  |9 301431 
919 |a 80-85456-40-0 
958 |a TL 
999 |c 889021  |d 890951 
952 |t P60, <03>, [BOOK], {603}  |a SNK  |b SNK  |y PREZ  |7 0  |p 17A0112992  |o snkSC 94769  |i snkKSP 135/98  |0 0  |1 0  |4 0  |d 1998-01-09  |f 1  |l 0  |r 2025-09-12 00:00:00  |w 2026-02-24 
952 |t P60, <04>, [BOOK], {604}  |a SNK  |b SNK  |y VYP  |7 0  |p 17A0112993  |o snkSC 94769 D1  |i snkKSP 136/98  |0 0  |1 0  |4 0  |d 1998-01-09  |l 0  |r 2005-01-02 00:00:00  |w 2026-02-24